000 002200000a22000970004500
100 1 _aWeisbrod, Don
245 1 0 _aI have changed a great deal
300 _aNúm 9 (1985), Páginas 26-28
773 0 _tTogether
942 _cANA
999 _c56954
_d56954